Welcome to CU Library Online Public Access Catalogue (OPAC)

counselling skills in every day life (Record no. 3274)

MARC details
000 -LEADER
fixed length control field 00427nam a22001697a 4500
005 - DATE AND TIME OF LATEST TRANSACTION
control field 20250130182445.0
008 - FIXED-LENGTH DATA ELEMENTS--GENERAL INFORMATION
fixed length control field 250130b |||||||| |||| 00| 0 eng d
020 ## - INTERNATIONAL STANDARD BOOK NUMBER
International Standard Book Number 9781403903136
050 ## - LIBRARY OF CONGRESS CALL NUMBER
Classification number BV 4012.2 GEL
100 ## - MAIN ENTRY--PERSONAL NAME
Personal name GELDARD, Kathryn
245 ## - TITLE STATEMENT
Title counselling skills in every day life
260 ## - PUBLICATION, DISTRIBUTION, ETC.
Place of publication, distribution, etc. houndmills
Name of publisher, distributor, etc. Palgrave
Date of publication, distribution, etc. 2003
300 ## - PHYSICAL DESCRIPTION
Extent x,208p
500 ## - GENERAL NOTE
General note index
700 ## - ADDED ENTRY--PERSONAL NAME
Personal name Geldard, David
942 ## - ADDED ENTRY ELEMENTS (KOHA)
Source of classification or shelving scheme Library of Congress Classification
Koha item type Books
Suppress in OPAC No
999 ## -
-- 3274
-- 3274
Holdings
Withdrawn status Lost status Source of classification or shelving scheme Damaged status Not for loan Collection Home library Current library Shelving location Date acquired Total checkouts Full call number Barcode Date last seen Copy number Price effective from Koha item type
    Library of Congress Classification     Non-fiction Graduate Library (Christ Temple) Graduate Library (Christ Temple) General stacks 01/30/2025   BV 4012.2 GEL GSCT00000443 01/30/2025 1 01/30/2025 Books
    Library of Congress Classification     Non-fiction Undergraduate Library (Christ Temple) Undergraduate Library (Christ Temple) General stacks 09/04/2025   BV4012.2 GEL ulct00004631 09/04/2025 1 09/04/2025 Books
    Library of Congress Classification     Non-fiction Undergraduate Library (Christ Temple) Undergraduate Library (Christ Temple) General stacks 09/05/2025   BF637.C6 GEL ulct00004639 09/05/2025 1 09/05/2025 Books
© 2023-2024 Copyright: Central University Libraries. All Rights Reserved | Created by: Mahone Tech Office